01119 a2200157 4500003000500000005001700005008004100022040000900063082001100072100001500083245003700098260004000135300001000175505074600185538003000931Nust20170531102132.0170531b xxu||||| |||| 00| 0 eng d cNust a954.91 aM.R.Kayani aNot The Whole TruthcM.R. Kayani aLahore , pakistanbFerozsons c1963 a211p; aIntroduction (Page-i), The Exception (Page-i), First of April (Page-1), As President to President (Page-12), In Praise of the Honorable Profession (Page-26), The philosophy of Life (Page-34), On Writ Jurisdiction in Pakistan (Page-41), The Officer on Special Duty (Page-46), My Heart Goes Out (Page-60), There is a tide in the Affairs of Men (Page-65), Misfortunes come not alone (Page-77), Of a Six-week baby who went to a Marriage party (Page-94), Preserve your Bachelor State Lady Doctors (Page-111), Of the Dust Strom that lasted for three Months (Page-120), When I was in England (Page-152), Home, Sweet Home (Page-166), Have you got an Enemy in the High Court (Page-176), On Growing long Hair (Page-187), Freedom of Press(Page-193).  aAlmirah No.63 Shelf No.2